Report to Congress : Industrial cost exclusion.

Bibliographic Details
Corporate Author: United States. Environmental Protection Agency. Office of Water Program Operations
Format: Government Document Book
Language:English
Published: Washington, D.C. (WH547, Washington, D.C. 20460) : U.S. Environmental Protection Agency, Office of Water Program Operations, 1981.
Subjects:

MARC

Tag First Indicator Second Indicator Subfields
LEADER 00000cam a2200000 a 4500
001 in00000821213
005 20151018120152.0
008 810601s1981 dcua f00000 eng d
010 |a gp 81009711  
035 |a (OCoLC)07484232 
035 |9 ADW1848AM 
040 |a STU  |c STU  |d GPO  |d UtOrBLW 
043 |a n-us--- 
074 |a 431-I-1 
086 0 |a EP 1.2:C 82/4 
090 |a TD897  |b .U54 
245 0 0 |a Report to Congress :  |b Industrial cost exclusion. 
264 1 |a Washington, D.C. (WH547, Washington, D.C. 20460) :  |b U.S. Environmental Protection Agency, Office of Water Program Operations,  |c 1981. 
300 |a 424 pages :  |b illustrations ;  |c 28 cm. 
336 |a text  |b txt  |2 rdacontent 
337 |a unmediated  |b n  |2 rdamedia 
338 |a volume  |b nc  |2 rdacarrier 
500 |a Cover title. 
500 |a "March 1981." 
650 0 |a Sewage disposal plants  |z United States  |x Costs. 
650 0 |a Cost effectiveness. 
710 1 |a United States.  |b Environmental Protection Agency.  |b Office of Water Program Operations. 
999 |a MARS 
999 f f |s 05bb8d0d-40d9-3968-a248-9598d2213027  |i 722b05af-02fc-3971-b874-9dadbb4c97ab  |t 0 
952 f f |p normal  |a Texas A&M University  |b College Station  |c Sterling C. Evans Library  |d Evans: US Documents (Annex 5th floor)  |t 0  |e EP 1.2:C 82/4  |h Superintendent of Documents classification  |i unmediated -- volume  |m A14814285978 
998 f f |a EP 1.2:C 82/4  |t 0  |l Evans: US Documents (Annex 5th floor)